A new statistical domain in India : (Record no. 105839)
[ view plain ]
| 000 -LEADER | |
|---|---|
| fixed length control field | 00796nam a22002417a 4500 |
| 005 - DATE AND TIME OF LATEST TRANSACTION | |
| control field | 20170130171740.0 |
| 010 ## - LCCN (DPL NO) | |
| LC control number | ENG-117064 |
| 020 ## - INTERNATIONAL STANDARD BOOK NUMBER | |
| International Standard Book Number | 9789382381785 |
| Terms of availability | 850.00 |
| 035 ## - SYSTEM CONTROL NUMBER | |
| System control number | EN-100596 |
| 037 ## - SOURCE OF ACQUISITION | |
| Source of stock number/acquisition | Viva Books |
| 037 ## - SOURCE OF ACQUISITION | |
| Source of stock number/acquisition | DBAD/PUB |
| 082 ## - DEWEY DECIMAL CLASSIFICATION NUMBER | |
| Classification number | 307.1412095414 |
| 100 ## - MAIN ENTRY--PERSONAL NAME | |
| Personal name | Okabe,Jun-Ichi |
| 245 ## - TITLE STATEMENT | |
| Title | A new statistical domain in India : |
| Statement of responsibility, etc | by Jun-Ichi Okabe [and] Aprajita Bakshi |
| Remainder of title | an enquiry into village Panchayat databases : |
| 260 ## - PUBLICATION, DISTRIBUTION, ETC. (IMPRINT) | |
| Place of publication, distribution, etc | New Delhi |
| Name of publisher, distributor, etc | Tulika Books |
| Date of publication, distribution, etc | 2016 |
| 270 ## - ADDRESS | |
| Address | 35 A/1(ground Floor),Shahpur Jat |
| City | New Delhi |
| Postal code | 110049 |
| 300 ## - PHYSICAL DESCRIPTION | |
| Extent | xiii,382p. |
| Dimensions | 24cm(Hb) |
| 490 ## - SERIES STATEMENT | |
| Series statement | Agrarian studies-4 |
| 500 ## - GENERAL NOTE | |
| General note | Includes bibliographical references and index |
| 650 ## - SUBJECT ADDED ENTRY--TOPICAL TERM | |
| Topical term or geographic name as entry element | |
| 700 ## - ADDED ENTRY--PERSONAL NAME | |
| Dates associated with a name | Bakshi,Aprajita |
| 942 ## - ADDED ENTRY ELEMENTS (KOHA) | |
| Source of classification or shelving scheme | Dewey Decimal Classification |
| Item type | English Books |
| Call number suffix | OKA |
| Classification part | 307.1412095414 |
| Withdrawn status | Lost status | Not for loan | Collection code | Home library | Current library | Date acquired | Source of acquisition | Cost, normal purchase price | Full call number | Barcode | Copy number | Cost, replacement price | Koha item type |
|---|---|---|---|---|---|---|---|---|---|---|---|---|---|
| Not For Loan | Non-fiction | D.B.Act.Division | Bawana | 13/01/2017 | DBAD/PUB | 850.00 | 307.1412095414 OKA | EN-100596 | 1 | 850.00 | English Books |
